Statistics for Most Common Flowers By Color

Click here to take the quiz!

General Stats

  • This quiz has been taken 36 times
  • The average score is 2 of 15

Answer Stats

HintAnswer% Correct
RedRose
100%
GreenCarnation
30%
GoldMarigold
27%
PurpleLavender
20%
BrownDahlia
10%
CyanCornflower
3%
PinkLotus
3%
BlackBlack Lily
0%
YellowDaffodile
0%
GreyLo Ho Silver Iris
0%
MaroonMapira Asiatic Lily
0%
BlueMorning Glory
0%
BeigeSquire's Lock
0%
OrangeTithonia
0%
WhiteWhite Rose
0%

Score Distribution

Percentile by Number Answered

Percent of People with Each Score

Your Score History

You have not taken this quiz